| 000 | 01298cam a2200325 a 4500 | ||
|---|---|---|---|
| 001 | 4909308 | ||
| 003 | NUST - PNEC | ||
| 005 | 20170116181115.0 | ||
| 008 | 950717s1995 njua 000 0 eng | ||
| 010 | _a 94069142 | ||
| 020 | _a0878916008 | ||
| 040 |
_aDLC _cLIBRARY _dDLC |
||
| 050 | 0 | 0 |
_aQD42 _b.B469 1995 |
| 082 | 0 | 0 |
_a540.76 FOG _220 |
| 245 | 0 | 4 |
_aThe best test preparation for the GRE, graduate record examination, in chemistry / _cstaff of Research & Education Association ; M. Fogiel, director. |
| 246 | 3 | 0 | _aGRE, graduate record examination, in chemistry |
| 246 | 3 | 0 | _aGRE in chemistry |
| 246 | 1 | 8 | _aGRE chemistry |
| 246 | 1 |
_iTitle on p. [4] of cover: _aGraduate record examination in chemistry |
|
| 260 |
_aPiscataway, N.J.: _bThe Association, _cc1995. |
||
| 300 |
_axii, 467 p. : _bill. ; _c26 cm. |
||
| 650 | 0 |
_aChemistry _vExaminations, questions, etc. |
|
| 650 | 0 |
_aGraduate Record Examination _vStudy guides. _xME |
|
| 700 | 1 |
_aFogiel, M. _q(Max) |
|
| 710 | 2 | _aResearch and Education Association. | |
| 856 | 4 | 2 |
_3Publisher description _uhttp://www.loc.gov/catdir/enhancements/fy0917/94069142-d.html |
| 906 |
_a7 _bcbc _corignew _d2 _eopcn _f19 _gy-gencatlg |
||
| 942 |
_2ddc _cBK |
||
| 999 |
_c69302 _d69302 |
||